Truyện cổ tích Đông Nam Á : Philippin

Zapisane w:
Opis bibliograficzny
1. autor: Ngô Văn Doanh
Format: Książka
Język:Undetermined
Wydane: H. VHTT 1995
Hasła przedmiotowe:
Etykiety: Dodaj etykietę
Nie ma etykietki, Dołącz pierwszą etykiete!
Thư viện lưu trữ: Trung tâm Học liệu Trường Đại học Cần Thơ
LEADER 00497nam a2200181Ia 4500
001 CTU_53390
008 210402s9999 xx 000 0 und d
020 |b 22000 
082 |a 398.209599 
082 |b D408 
100 |a Ngô Văn Doanh 
245 0 |a Truyện cổ tích Đông Nam Á : Philippin 
245 0 |c Ngô Văn Doanh 
260 |a H. 
260 |b VHTT 
260 |c 1995 
650 |a folk literature, philippines 
980 |a Trung tâm Học liệu Trường Đại học Cần Thơ